000 00351nam a22001337a 4500
008 230606b xxu||||| |||| 00| 0 eng d
020 _a9987666396
082 _a346.06
_bEAC
100 _cEast Africa Secretariat
245 _aDialogue on the Regional Integration in East Africa
260 _aArusha
_bEAC
_c2001
300 _a258 pages
942 _2ddc
_cBK
999 _c555
_d555